LEADER 01553nam 2200481 450 001 9910671920203321 005 20211118102005.0 010 $a607-629-643-7 035 $a(CKB)5450000000174422 035 $a(MiAaPQ)EBC6780844 035 $a(EXLCZ)995450000000174422 100 $a20211026d2021 uy 0 101 0 $aspa 135 $aurcnu|||||||| 181 $ctxt$2rdacontent/spa 182 $cc$2rdamedia/spa 183 $acr$2rdacarrier/spa 200 10$aBeneficios que se contienen en las disposiciones fiscales $eana?lisis pra?ctico /$fJose? Pe?rez Cha?vez, Raymundo Fol Olgui?n 205 $asegunda edicio?n. 210 1$aCiudad de Me?xico :$cTax Editores Unidos,$d2021. 215 $a1 recurso en li?nea (498 pa?ginas) 300 $aIncluye i?ndice. 300 $aSubti?tulo obtenido de la portada. 311 $a607-629-620-8 606 $aTaxation$xLaw and Legislation$zMexico 606 $aTaxation$zMexico 606 $aContribuciones$zMe?xico 606 $aDerecho fiscal$zMe?xico 608 $aLibros electronicos. 615 0$aTaxation$xLaw and Legislation 615 0$aTaxation 615 4$aContribuciones 615 4$aDerecho fiscal 676 $a336.72 700 $aPe?rez Cha?vez$b Jose?$0858930 702 $aCampero Guerrero$b Eladio 702 $aFol Ogui?n$b Raymundo 801 0$bFINmELB 801 1$bFINmELB 906 $aBOOK 912 $a9910671920203321 996 $aBeneficios que se contienen en las disposiciones fiscales$93048610 997 $aUNINA LEADER 01677nam a2200349 i 4500 001 991001603229707536 008 030513s2000 it 000 0 ita 020 $a8878120677 035 $ab12170793-39ule_inst 040 $aBiblioteca Interfacoltà$bita 041 0 $aengita 082 04$a025.324 245 00$aSeminario FRBR =$b[FRBR seminar] : Functional requirements for bibliographic records = Requisiti funzionali per record bibliografici, Firenze, 27-28 gennaio 2000 /$catti a cura di Mauro Guerrini 260 $aRoma :$bAssociazione italiana biblioteche,$c2000 300 $a160, 156 p. ;$c21 cm 500 $aPubbl. bifronte 500 $aIn testa al front.: Associazione italiana biblioteche, Gruppo catalogazione e Sezione Toscana ... [et al.] 650 4$aCatalogazione bibliografica 650 4$aDescrizione bibliografica 700 1 $aGuerrini, Mauro$d<1953- >$eauthor$4http://id.loc.gov/vocabulary/relators/aut$05520 710 22$aAssociazione italiana biblioteche :$bGruppo catalogazione 710 22$aAssociazione italiana biblioteche :$bSezione Toscana 740 02$aFunctional requirements for bibliographic records 740 02$aRequisiti funzionali per record bibliografici 740 02$aFRBR seminar 907 $a.b12170793$b12-05-17$c13-05-03 912 $a991001603229707536 945 $aLE002 Bibl. Ris. 105$g1$i2002000136701$lle002$o-$pE0.00$q-$rn$so $t0$u0$v0$w0$x0$y.i12512965$z13-05-03 945 $aLE025 ECO 025 GUE01.03$g1$i2025000080966$lle025$o-$pE0.00$q-$rl$s- $t0$u1$v1$w1$x0$y.i1200117x$z27-11-02 996 $aSeminario FRBR$91458112 997 $aUNISALENTO 998 $ale002$ale025$b13-05-03$cm$da $e-$fita$git $h0$i0